| 000 | 00672nam a2200205Ia 4500 | ||
|---|---|---|---|
| 003 | GCL | ||
| 008 | 140319s9999 xx 000 0 ara d | ||
| 020 | _a9182419977 | ||
| 040 |
_aGCL / _cGCL |
||
| 082 | 0 | 4 |
_a624.171 _bو ط |
| 100 | 1 | _aوجيه محمد الدخاخنى | |
| 245 | 1 | 0 |
_aالطرق الكلاسيكية للتحليلات الانشائية / _cوجيه محمد الدخاخنى |
| 250 | _aالاولى | ||
| 260 |
_aالقاهرة : _bمكتبة الانجلوالمصرية ، _c1996 |
||
| 300 |
_a595 ص ؛ _c24 سم |
||
| 650 | 0 | 4 | _aالانشاءات |
| 650 | 0 | 4 | _aالتصميم الانشائى |
| 650 | 0 | 4 | _aالمنشات |
| 942 |
_2ddc _cBK |
||
| 999 |
_c5255 _d5255 |
||